00696nam a2200229 a 4500001001300000003000900013005001700022008004100039020001000080082001500090100003500105245004400140260004200184300000900226500003500235505002100270650003400291902000800325942000700333952011500340999001100455nice12345678IN_TiNIC20260116011256.0050524s1964 graa grp 000 0 eng  ac10000a220.1bWAR aWarfield, Benjamin Breckinridg aInspiration and Authority of the Bible. aGrand RapidsbBaker Book House c1964 a446p aincludes index and biblioraphy2 aAppendix, Index. aBible-Evidences and Authority bSRS cBK 001040708StackRoom-aHMIbHMId2007-06-15g100.00l0o220.1 WARp02795r2007-06-15v100.00w2005-05-24yBK c82d82